000 00284 a2200121 4500
001 146467
040 _cEscola São Tomás de Aquino
100 _aMACHADO, Ana Maria
240 1 0 _aOs argonautas
_lpor
245 1 0 _aOs argonautas
697 _a*LITERATURA INFANTO JUVENIL
942 _cBK
999 _c146467
_d146467